Образы Италии: в 3 т.

Détails bibliographiques
Auteur principal: Муратов П. П. Павел Павлович
Langue:russe
Publié: СПб., Азбука-классика, 2005
Collection:Художник и знаток
Format: MixedMaterials Livre
KOHA link:https://koha.lib.tpu.ru/cgi-bin/koha/opac-detail.pl?biblionumber=107269

MARC

LEADER 00000nam1a2200000 4500
001 107269
005 20231031115231.0
010 |a 5352014762 
035 |a (RuTPU)RU\TPU\book\115819 
090 |a 107269 
100 |a 20061220d2005 m y0rusy50 ca 
101 0 |a rus 
102 |a RU 
200 1 |a Образы Италии  |e в 3 т.  |f П. П. Муратов 
210 |a СПб.  |c Азбука-классика  |d 2005 
225 1 |a Художник и знаток 
700 1 |a Муратов  |b П. П.  |g Павел Павлович 
801 1 |a RU  |b 63413507  |c 20061220  |g PSBO 
942 |c BK